O miliónoch, ktoré plynú dolu vodou Ochrana zdravia pri práci musí mať jednotnú koncepciu

Zanedbanie systému a prístupu k ochrane zdravia pri práci v dôsledku zmeny spoločenského systému. Pretrvávanie negatívneho prístupu a neochoty k činnosti kontrolných orgánov. Nedostatočná starostlivosť o pracovné podmienky zamestnancov v podnikoch a firmách. Vývoj pracovných a smrteľných úrazov v SR...

Description complète

Enregistré dans:
Détails bibliographiques
Auteur principal: Goldbergerová, A.
Format: Chapitre de livre
Langue:slovaque
Sujets:
Tags: Ajouter un tag
Pas de tags, Soyez le premier à ajouter un tag!

MARC

LEADER 00000naa a2200000 4500
001 r014792
005 20221205090946.0
041 0 |a slo 
044 |a SK 
245 1 0 |a O miliónoch, ktoré plynú dolu vodou  |b Ochrana zdravia pri práci musí mať jednotnú koncepciu  |c A. Goldbergerová 
520 |a Zanedbanie systému a prístupu k ochrane zdravia pri práci v dôsledku zmeny spoločenského systému. Pretrvávanie negatívneho prístupu a neochoty k činnosti kontrolných orgánov. Nedostatočná starostlivosť o pracovné podmienky zamestnancov v podnikoch a firmách. Vývoj pracovných a smrteľných úrazov v SR od r. 1989. 
610 2 0 |a bezpečnosť práce 
610 2 0 |a Slovensko 
610 2 0 |a ochrana zdravia 
610 2 0 |a ochrana pracovníkov 
610 2 0 |a ochrana pred úrazmi 
610 2 0 |a podmienky pracovné 
610 2 0 |a úrazy pracovné 
610 2 0 |a prostriedky pracovné ochranné 
100 1 |a Goldbergerová, A.